| 000 | 01702nam a2200313 i 4500 | ||
|---|---|---|---|
| 003 | EG-ScBUE | ||
| 005 | 20231123100004.0 | ||
| 008 | 110912s2002 ua f b 000 0 dara d | ||
| 017 | _a2002 / 5297 | ||
| 020 | _a9773220834 | ||
| 040 |
_aEG-ScBUE _bara _erda _cEG-ScBUE _dEG-ScBUE |
||
| 082 | 0 | 4 |
_222 _a909.07 _bن ع ي |
| 100 | 1 |
_927123 _aنعينع، سهير محمد إبراهيم، _eمؤلف. |
|
| 245 | 1 | 2 |
_aالحروب الصليبية المتأخرة : _bحملة بطرس الأول لوسنيان الصليبية على الإسكندرية 1365 م / 767 هـ / _cتأليف د. سهير محمد إبراهيم نعينع، أستاذ تاريخ العصور الوسطى المساعد بكلية الآداب، جامعة الإسكندرية ؛ [إشراف قاسم عبده قاسم]. |
| 250 | _aالطبعة الأولى. | ||
| 264 | 1 |
_aالجيزة : _bعين للدراسات والبحوث الإنسانية والاجتماعية، _c2002. |
|
| 300 |
_a259 صفحة ؛ _c24 سم |
||
| 336 |
_2rdacontent _aنص _btxt |
||
| 337 |
_aبدون وسيط _2rdamedia _bn |
||
| 338 |
_aمجلد _bnc _2rdacarrier |
||
| 504 | _aيشتمل على إرجاعات بليوجرافية. | ||
| 600 | 1 | 7 |
_2BUEsh _aدى لوزنيان، بطرس السابع. |
| 650 | 7 |
_913572 _aالحروب الصليبية في مصر. _2BUEsh |
|
| 650 | 7 |
_927122 _aالحروب الصليبية في فلسطين و الشام. _2BUEsh |
|
| 651 | 7 |
_913573 _aأوربا _xتاريخ _yالعصور الوسطى. _2BUEsh |
|
| 651 | 7 |
_aمصر _xتاريخ _yعصر المماليك (1250-1517 م.). _2BUEsh |
|
| 700 | 1 |
_aقاسم، قاسم عبده، _d1942- _eمشرف. |
|
| 942 |
_2ddc _cBB |
||
| 999 |
_c16000 _d16000 |
||